| 000 | 00831cam a2200265 a 4500 | ||
|---|---|---|---|
| 999 |
_c1410 _d1410 |
||
| 001 | 1860456 | ||
| 003 | OSt | ||
| 005 | 20210628061149.0 | ||
| 008 | 820714s1983 nyua b 001 0 eng | ||
| 010 | _a 82013109 | ||
| 020 | _a0070697620 | ||
| 040 |
_aDLC _cDLC _dDLC |
||
| 050 | 0 | 0 |
_aQP514.2 _b.P754 1983 |
| 082 | 0 | 0 |
_a574.19/2 _219 |
| 245 | 0 | 0 |
_aPrinciples of biochemistry, general aspects / _cEmil L. Smith ... [et al.]. |
| 250 | _a7th ed. | ||
| 260 |
_aNew York : _bMcGraw-Hill, _cc1983. |
||
| 300 |
_axviii, 886 p. : _bill. ; _c24 cm. |
||
| 500 | _aCompanion vol. of: Principles of biochemistry, mammalian biochemistry. | ||
| 504 | _aIncludes bibliographies and index. | ||
| 650 | 0 | _aBiochemistry. | |
| 700 | 1 |
_aSmith, Emil L., _d1911-2009. |
|
| 906 |
_a7 _bcbc _corignew _d1 _eocip _f19 _gy-gencatlg |
||
| 942 |
_2lcc _cBK _nJE |
||